000 01112nam a2200277Ia 4500
003 OSt
005 20221005104825.0
006 a|||||r|||| 00| 0
007 ta
008 221004b |||||||| |||| 00| 0 hin d
020 _a9789381350577 (hbk)
_cINR 750.00
024 _a37010
037 _b2415, 14/03/2018, Kiran Book Service
_cTextual
040 _aCRL
_cCRL
_bhin
041 _2hin
_ahin
082 _aO152,1(Delta25):g, Q4
100 _aसिंह, सुधीर प्रताप, संपा.
245 0 _aआदिकालीन और भक्तिकालीन काव्य
246 _aĀdikālīn aur bhaktikālīn kāvya
260 _aदिल्ली
_bश्री नटराज प्रकाशन भारत
_c2014
300 _a463पृ0
_ccm.
650 _a हिन्दी साहित्य
650 _aहिन्दी कविता
942 _hO152,1(Delta25):g, Q4
_cTEXL
_2cc
999 _c1013902
_d1013902